Central Library OPAC University of Rajshahi

The Theory and experience of economic development : (Record no. 59126)

MARC details
000 -LEADER
fixed length control field 00893nam a2200265 a 4500
001 - CONTROL NUMBER
control field 59126
003 - CONTROL NUMBER IDENTIFIER
rucl marc code BD-RjUL
005 - DATE AND TIME OF LATEST TRANSACTION
control field 20211209080709.0
008 - FIXED-LENGTH DATA ELEMENTS--GENERAL INFORMATION
fixed length control field 161221s1982 enka b 011 0 eng
020 ## - INTERNATIONAL STANDARD BOOK NUMBER
International Standard Book Number 0043303234
035 ## - SYSTEM CONTROL NUMBER
System control number (BD-RjUL) 59250
040 ## - CATALOGING SOURCE
Original cataloging agency DLC
Transcribing agency DLC
Modifying agency DLC
-- OCoLC
-- DLC
-- BD-RjUL
Language of cataloging eng
041 ## - LANGUAGE CODE
Language code of text/sound track or separate title eng
082 00 - DEWEY DECIMAL CLASSIFICATION NUMBER
Classification number 338.9
Edition number 23
Author mark and year THE 1982
245 04 - TITLE STATEMENT
Title The Theory and experience of economic development :
Remainder of title essays in honor of Sir W. Arthur Lewis /
Statement of responsibility, etc. edited by Mark Gersovitz ... [et al.]
260 ## - PUBLICATION, DISTRIBUTION, ETC. (IMPRINT)
Place of publication, distribution, etc. London ;
-- Boston :
Name of publisher, distributor, etc. Allen & Unwin,
Date of publication, distribution, etc. c1982.
300 ## - PHYSICAL DESCRIPTION
Pagination ix, 403 p. :
Illustrations ill. ;
Size 25 cm.
500 ## - GENERAL NOTE
General note Includes indexes.
504 ## - BIBLIOGRAPHY, ETC. NOTE
Bibliography, etc Bibliography: p. 391-394.
650 #0 - SUBJECT ADDED ENTRY--TOPICAL TERM
Topical term or geographic name as entry element Economic development.
9 (RLIN) 170469
Topical term or geographic name as entry element Economics.
9 (RLIN) 170576
700 1# - ADDED ENTRY--PERSONAL NAME
Personal name Lewis, W. Arthur
Fuller form of name (William Arthur),
Dates associated with a name 1915-1991.
Personal name Gersovitz, Mark.
942 ## - ADDED ENTRY ELEMENTS (KOHA)
Source of classification or shelving scheme Dewey Decimal Classification
Koha item type Books
Holdings
Lost status Source of classification or shelving scheme Damaged status Not for loan Collection code Permanent Location Current Location Shelving location Date acquired Total Checkouts Full call number Date last seen Copy number Koha item type
  Dewey Decimal Classification   Not For Loan Non-fiction Central Library, University of Rajshahi Central Library, University of Rajshahi Reading Room 18/05/1955   338.9 THE 1982 21/12/2016 C-1 Books